000 00871nam a22002537a 4500
005 20170124105926.0
010 _aA-688951
020 _c00.00
035 _aA-688951
037 _bCen Lib/Ret
040 _aDPL
_bEN
082 _a027.7
245 _aIntegrated library system :
_cby Maria Luiza Rigo Pasquarelli...[et al.]
_btwo case studies Latin America and India /
246 _b
260 _bNew Delhi
_c1992
_aNew Delhi
270 _bNew Delhi
300 _a144p.
_c21cm(Hb)
490 _aConcepts in communication, informatics and librarianship
_vno. 40
500 _aIncludes index
650 _aLibrary science
_9104545
650 _aLibrary system
_96380
700 _aPasquarelli, Maria Favero Rigo
_96383
942 _2ddc
_cEN
_h027.7
_mPAS
999 _c123484
_d123484